| 000 -LEADER | |
|---|---|
| fixed length control field | 00452nam a22001697a 4500 |
| 005 - DATE AND TIME OF LATEST TRANSACTION | |
| control field | 20250414161351.0 |
| 008 - FIXED-LENGTH DATA ELEMENTS--GENERAL INFORMATION | |
| fixed length control field | 250411b |||||||| |||| 00| 0 eng d |
| 020 ## - INTERNATIONAL STANDARD BOOK NUMBER | |
| ISBN | 978-93-88812-90-0 |
| 041 ## - LANGUAGE CODE | |
| Language code of text/sound track or separate title | eng |
| 082 ## - DEWEY DECIMAL CLASSIFICATION NUMBER | |
| Classification number | 631.58 WAL-F |
| 100 ## - MAIN ENTRY--AUTHOR NAME | |
| Personal name | WALIA, DR.S.S AND WALIA, DR.V.S |
| 245 ## - TITLE STATEMENT | |
| Title | FARMING SYSTEM AND SUSTAINABLE AGRICULTURE |
| 260 ## - PUBLICATION, DISTRIBUTION, ETC. (IMPRINT) | |
| Place of publication | JODHPUR |
| Name of publisher | SCIENTIFIC PUBLISHERS |
| 300 ## - PHYSICAL DESCRIPTION | |
| Number of Pages | 336; P |
| 650 ## - SUBJECT ADDED ENTRY--TOPICAL TERM | |
| Topical Term | AGRICULTURE |
| 942 ## - ADDED ENTRY ELEMENTS (KOHA) | |
| Koha item type | Books |
| Lost status | Damaged status | Collection code | Home library | Current library | Shelving location | Date acquired | Source of acquisition | Cost, normal purchase price | Full call number | Accession Number | Koha item type |
|---|---|---|---|---|---|---|---|---|---|---|---|
| AGRICULTURE | JRU Library | JRU Library | SHELF-46-I | 10/04/2025 | PURCHASE | 2595.00 | 631.58 | 28696 | Books | ||
| Reference | JRU Library | JRU Library | SHELF-2-A | 10/04/2025 | PURCHASE | 2595.00 | 631.58 | 28697 | Books | ||
| AGRICULTURE | JRU Library | JRU Library | SHELF-46-I | 10/04/2025 | PURCHASE | 2595.00 | 631.58 | 28698 | Books |